Biogas technology in the third world: a multidisciplinary review
Gorde:
| Egile Nagusiak: | , , |
|---|---|
| Formatua: | Liburua |
| Hizkuntza: | ingelesa |
| Argitaratua: |
Ottawa
International Development Research centre
1978
|
| Gaiak: | |
| Etiketak: |
Etiketa erantsi
Etiketarik gabe, Izan zaitez lehena erregistro honi etiketa jartzen!
|
MARC
| LEADER | 00000nam a2200000 a 4500 | ||
|---|---|---|---|
| 001 | UCR4566 | ||
| 003 | CL-VaPUC | ||
| 008 | 980313e19780000CN |||||||||||||||||eng|d | ||
| 082 | 0 | 4 | |a 628.746 |b BAR |2 21 |
| 100 | 0 | |a Barnett, Andrew |e author |9 404908 | |
| 700 | 0 | |a Pyle, Leo |e author |9 404909 | |
| 700 | 0 | |a Subramanian, S. K |e author |9 404910 | |
| 245 | 1 | 0 | |a Biogas technology in the third world: a multidisciplinary review |
| 300 | |a 132 p | ||
| 942 | |c BK | ||
| 945 | |d 19980313 00:00:00 |a rbrito | ||
| 260 | |a Ottawa |b International Development Research centre |c 1978 | ||
| 650 | 7 | |a BIOGAS |2 CL-VaPUC |9 404911 | |
| 650 | 0 | |a Tecnología |9 256742 | |
| 650 | 0 | |a Aspectos económicos |9 255165 | |
| 650 | 0 | |a Estudio de casos |9 257099 | |
| 650 | 0 | |a Fermentación |9 259565 | |
| 650 | 7 | |a DIGESTION ANAEROBICA |2 CL-VaPUC |9 404912 | |
| 583 | |a last modification |c 19980313 00:00:00 |k Rodrigo Vera | ||
| 999 | |c 267490 |d 267488 | ||